Culture Générale - Série 2411 - Statistiques

Statistiques générales
  • Ce quiz a été pris 147 fois
  • Le résultat moyen est 5 sur 10
Statistiques - réponses
Question Réponse % Correct
De quel pays Doha est-elle la capitale ? voir drapeau Qatar
87%
Quelle est la plus grande île de la mer Méditerranée en termes de superficie? Sicile
83%
Quelle est la plus grande île de la mer des Caraïbes en termes de superficie? Cuba
80%
Quel est le prénom du Président des Etats Unis qui a du démissionner en 1974 suite à une affaire d’espionnage politique pendant la campagne pour les élections présidentielles de 1972 ? Richard
68%
Quelle est la glande responsable de la régulation du métabolisme dans le corps humain? thyroïde
49%
Dans quelle partie du corps humain se trouve l’os scaphoïde? pied
39%
Quel état des Etats-Unis a pour capitale Montgomery ? Alabama
32%
Quelle autre ville française après Paris est dotée d’un Centre Pompidou ? Metz
29%
Dans la série américaine «24 heures chrono», quels sont les prénom et nom du personnage principal ? Jack Bauer
26%
Quelle ville d'Afrique a aussi été capitale officielle de la France Libre de 1940 à 1942 ? Brazzaville
16%
Aucun quiz correspondant
Distribution des résultats
% des personnes avec chaque résultat
Percentile par nombre de réponses
Votre historique - résultats
Vous n’avez pas pris ce quiz